000 00948nam a22002297a 4500
005 2009111306196.0
008 091113t xxu||||| |||| 00| 0 eng d
010 _aENG-95488
020 _a9788124114971
_c400.00
035 _aEN-78021
037 _bDBAD/PUB
040 _aDPL
100 _aChatterjee, Ronen
245 _aReady to Rock
_c by Ronen Chatterjee
260 _aNew Delhi
_bHar-Anand Publicctions Pvt. Ltd.
_c2010
270 _aE-49/3,Okhla Industrial Area, Phase - II
_bNew Delhi
_e110020
300 _a296p.
_c22 cm.(Pbk)
856 _uhttp://www.loc.gov/catdir/toc/ecip0721/2007025342.html
942 _2ddc
_cEN
_mCHA
999 _c31916
_d31916